UEFA Champions League Runners Up - Statistics

General Stats
  • This quiz has been taken 64 times
  • The average score is 59 of 69
Answer Stats
Year Winner Score Runner Up % Correct
1958 Real Madrid 3-2 AET AC Milan
100%
1993 Marseille 1-0 AC Milan
100%
1995 Ajax 1-0 AC Milan
100%
2005 Liverpool 3-3 (3-2) PK AC Milan
100%
1967 Celtic 2-1 Inter Milan
100%
1972 Ajax 2-0 Inter Milan
100%
2023 Manchester City 1-0 Inter Milan
100%
1961 Benfica 3-2 Barcelona
98%
1986 Steaua București 0-0 (2-0) PK Barcelona
98%
1994 AC Milan 4-0 Barcelona
98%
2013 Bayern Munich 2-1 Borussia Dortmund
98%
2024 Real Madrid 2-0 Borussia Dortmund
98%
2006 Barcelona 2-1 Arsenal
97%
1974 Bayern Munich 1-1 | (4-0) Replay Atlético Madrid
97%
2014 Real Madrid 4-1 AET Atlético Madrid
97%
2016 Real Madrid 1-1 (5-3) PK Atlético Madrid
97%
1982 Aston Villa 1-0 Bayern Munich
97%
1987 FC Porto 2-1 Bayern Munich
97%
1999 Manchester United 2-1 Bayern Munich
97%
2010 Inter Milan 2-0 Bayern Munich
97%
2012 Chelsea 1-1 (4-3) PK Bayern Munich
97%
1963 AC Milan 2-1 Benfica
97%
1965 Inter MIlan 1-0 Benfica
97%
1968 Manchester United 4-1 Benfica
97%
1988 PSV Eindhoven 0-0 (6-5) PK Benfica
97%
1990 AC Milan 1-0 Benfica
97%
1985 Juventus 1-0 Liverpool
97%
2007 AC Milan 2-1 Liverpool
97%
2018 Real Madrid 3-1 Liverpool
97%
2022 Real Madrid 1-0 Liverpool
97%
2020 Bayern Munich 1-0 Paris Saint Germain
97%
2019 Liverpool 2-0 Tottenham Hotspur
97%
1969 AC Milan 4-1 Ajax
95%
1996 Juventus 1-1 (4-2) PK Ajax
95%
2008 Manchester United 1-1 (6-5) PK Chelsea
95%
1973 Ajax 1-0 Juventus
95%
1983 Hamburger SV 1-0 Juventus
95%
1997 Borussia Dortmund 3-1 Juventus
95%
1998 Real Madrid 1-0 Juventus
95%
2003 AC Milan 0-0 (3-2) PK Juventus
95%
2015 Barcelona 3-1 Juventus
95%
2017 Real Madrid 4-1 Juventus
95%
2021 Chelsea 1-0 Manchester City
95%
2009 Barcelona 2-0 Manchester United
95%
2011 Barcelona 3-1 Manchester United
95%
1991 Red Star Belgrade 0-0 (5-3) PK Marseille
90%
2004 FC Porto 3-0 AS Monaco
88%
1970 Feyenoord 2-1 AET Celtic
86%
2002 Real Madrid 2-1 Bayer Leverkusen
81%
2000 Real Madrid 3-0 Valencia
81%
2001 Bayern Munich 1-1 (5-4) PK Valencia
81%
1980 Nottingham Forest 1-0 Hamburger SV
79%
1962 Benfica 5-3 Real Madrid
79%
1964 Inter Milan 3-1 Real Madrid
79%
1981 Liverpool 1-0 Real Madrid
79%
1984 Liverpool 1-1 (4-2) PK Roma
78%
1992 Barcelona 1-0 AET Sampdoria
66%
1956 Real Madrid 4-3 Stade De Reims
62%
1959 Real Madrid 2-0 Stade De Reims
62%
1957 Real Madrid 2-0 Fiorentina
60%
1960 Real Madrid 7-3 Eintracht Frankfurt
59%
1979 Nottingham Forest 1-0 Malmö FF
57%
1989 AC Milan 4-0 Steaua București
55%
1975 Bayern Munich 2-0 Leeds United
53%
1977 Liverpool 3-1 Borussia Mönchengladbach
50%
1978 Liverpool 1-0 Club Brugge
48%
1971 Ajax 2-0 Panathinaikos
45%
1966 Real Madrid 2-1 FK Partizan
40%
1976 Bayern Munich 1-0 Saint-Étienne
31%
No matching quizzes found
Score Distribution
Percent of People with Each Score
Percentile by Number Answered
Your Score History
You have not taken this quiz